Catálogo de la Biblioteca Horacio González - Universidad Nacional de General Sarmiento

El sol detrás del limonero (Registro nro. 13529)

Detalles MARC
000 -CABECERA
campo de control de longitud fija 00725nam a22003010a 4500
001 - NÚMERO DE CONTROL
campo de control PT61975
003 - IDENTIFICADOR DEL NÚMERO DE CONTROL
campo de control AR-LpoUNG
005 - FECHA Y HORA DE LA ÚLTIMA TRANSACCIÓN
campo de control 20210131232050.0
008 - DATOS DE LONGITUD FIJA--INFORMACIÓN GENERAL
campo de control de longitud fija 191001s2016||||ag |||||||||||||||||spa d
020 ## - NÚMERO INTERNACIONAL ESTÁNDAR DEL LIBRO
Número Internacional Estándar del Libro 9789504200686
Condiciones de disponibilidad $12
040 ## - FUENTE DE LA CATALOGACIÓN
Centro catalogador/agencia de origen AR-LpoUNG
Lengua de catalogación spa
Centro/agencia transcriptor AR-LpoUNG
Normas de descripción aacr
041 ## - CÓDIGO DE LENGUA
Código de lengua del texto/banda sonora o título independiente spa
044 ## - CÓDIGO DEL PAÍS DE LA ENTIDAD EDITORA/PRODUCTORA
Código MARC del país ag
082 0# - NÚMERO DE LA CLASIFICACIÓN DECIMAL DEWEY
Número de clasificación A863 896sol
100 1# - ENTRADA PRINCIPAL--NOMBRE DE PERSONA
Nombre de persona Pradelli, Ángela
245 13 - MENCIÓN DE TÍTULO
Título El sol detrás del limonero
250 ## - MENCIÓN DE EDICIÓN
Mención de edición 1ra. ed.
260 ## - PUBLICACIÓN, DISTRIBUCIÓN, ETC.
Lugar de publicación, distribución, etc. Buenos Aires :
Nombre del editor, distribuidor, etc. El bien del sauce,
Fecha de publicación, distribución, etc. 2016.
300 ## - DESCRIPCIÓN FÍSICA
Extensión 126 p. :
Otras características físicas fot.
650 #4 - PUNTO DE ACCESO ADICIONAL DE MATERIA--TÉRMINO DE MATERIA
Término de materia o nombre geográfico como elemento de entrada ARGENTINA
650 #4 - PUNTO DE ACCESO ADICIONAL DE MATERIA--TÉRMINO DE MATERIA
Término de materia o nombre geográfico como elemento de entrada CUENTOS
650 #4 - PUNTO DE ACCESO ADICIONAL DE MATERIA--TÉRMINO DE MATERIA
Término de materia o nombre geográfico como elemento de entrada LITERATURA
650 #4 - PUNTO DE ACCESO ADICIONAL DE MATERIA--TÉRMINO DE MATERIA
Término de materia o nombre geográfico como elemento de entrada POESIA
650 #4 - PUNTO DE ACCESO ADICIONAL DE MATERIA--TÉRMINO DE MATERIA
Término de materia o nombre geográfico como elemento de entrada PROSA
653 ## - TÉRMINO DE INDIZACIÓN--NO CONTROLADO
Término no controlado LITERATURA ARGENTINA
905 ## - ELEMENTOS DE DATOS E LOCAL, LDE (RLIN)
a 61975
942 ## - ELEMENTOS DE PUNTO DE ACCESO ADICIONAL (KOHA)
Tipo de ítem Koha Libro
Existencias
Estado de retiro Estado de pérdida Estado dañado No para préstamo Código de colección Localización permanente Ubicación/localización actual Fecha de adquisición Total de préstamos Signatura topográfica completa Código de barras Fecha visto por última vez Fecha del último préstamo Precio válido a partir de Tipo de ítem Koha
        Colección General Biblioteca Universidad Nacional de General Sarmiento Biblioteca Universidad Nacional de General Sarmiento 31/01/2021 2 A863 896sol 00065569 10/07/2024 04/07/2024 31/01/2021 Libro